| 000 | 00458nam a2200193Ia 4500 | ||
|---|---|---|---|
| 005 | 20250122032814.0 | ||
| 008 | 240331s9999 xx 000 0 und d | ||
| 020 | _a8171323634 | ||
| 082 |
_bDES _21950 _a305.4 |
||
| 100 | _aDesai, L | ||
| 245 | 0 | _aIssues in Feminism | |
| 260 |
_aJaipur _bPointer Publishers _c2004 |
||
| 300 | _avii, 216 p., | ||
| 650 | _aFeminism | ||
| 650 | _aSex Discrimination | ||
| 650 | _aWomen | ||
| 650 | _aMarxism | ||
| 942 | _cL | ||
| 999 |
_c3530 _d3530 |
||